000 00932nam a22002537a 4500
005 20170123162318.0
010 _aA-794793
020 _c50.00
035 _aA-794793
037 _bCen Lib/Ret
040 _aDPL
_bUR
082 _a841.08
_bغ ا ل
100 _aنذیر احمد
_9115558
245 _aغالب نامہ :
_bنذیر احمد
_cارو میں عالمی ادبی اور تحقیقی رفتار کا آینہ /
246 _aGhalib nama : urdu men almi adabi aur tahqeeqi raftar ka aayina /
_bby Nazir Ahmad
260 _aنیی دہلی
_bغالب انسٹیٹیوٹ
_c1995
270 _bنیی دہلی
_aہونے غالب مارگ
_e110002
300 _a254p.
_c21cm(Hb)
650 _aاردو ادب
_9115559
650 _aاردو سونے عمری
_9108484
650 _aUrdu literature
_9115560
650 _aUrdu Biography
_9511
942 _2ddc
_cUR
_h841.08
_mغ ا ل
999 _c106845
_d106845